00877nam a2200217 a 4500008004100000020001800041050001900059100002300078245010300101260004800204300001700252650002500269650002700294650001300321650003000334700002100364700002000385995010200405999001700507952013500524200724s2017 ||||||||||||||||| || u a9781107116818 aB 2799 .R4 Kan aFirestone, Chris L10aKant and the question of theologycEdited by Chris L. Firestone; Nathan A. Jacobs; James H. Joiner aCambridgebCambridge University Pressc2017 ax, 260 pages aRELIGION--PHILOSOPHY aPHILOSOPHICAL THEOLOGY aTHEOLOGY 0aKANT, IMMANUEL, 1724-1804 aJacobs, Nathan A aJoiner, James H D122.14FCBU-MAIN LIBRARY (Kitwe)M1UAVAILABLEWJul 28, 2020ZMain Library Open Access Collection c48561d48561 00102lcc4070a001b001cMain Library Open Access Collectiond2022-11-30l0oB 2799 .R4 Kanp750437r2022-11-30w2022-11-30y002